| 000 | 00503nam a2200193Ia 4500 | ||
|---|---|---|---|
| 003 | 0100 | ||
| 008 | 130227s9999 xx 000 0 und d | ||
| 040 | _cARRUPELIB | ||
| 050 | _aB5378.P45M37 2010 | ||
| 100 | _aMasolo, D. A. | ||
| 245 | _aSelf and community in a changing world | ||
| 260 | _aBloomington and Indianapolis | ||
| 260 | _bIndiana University Press | ||
| 260 | _C2010 | ||
| 300 | _aix | ||
| 300 | _b 343p. 24cm. | ||
| 650 | _bEnglish lanauge - Dictionaries - Zulu | ||
| 942 |
_2lcc _04 |
||
| 999 |
_c4319 _d4319 |
||